000 00724nam a2200289Ia 4500
005 20260324133301.0
008 008 260324s9999 xx 000 0 eng d
020 _a9781315198545
037 _aEBOOK
040 _aCRL
040 _beng
040 _cCRL
041 _2eng
041 _aeng
084 _qCRL
100 _aJohn Nellthorp; Peter Mackie; Alan Pearman
_91192504
245 0 _aTransport Projects, Programmes and Policies
245 0 _bEvaluation Needs and Capabilities
260 _bTaylor and Francis
260 _c2003
365 _a
365 _b205
856 _uhttp://www.taylorfrancis.com/books/9781315198545
942 _cEBOOK
999 _c1791402
_d1791402